[Event "SWE-chT 0001"]
[Site "Sweden"]
[Date "2001.01.20"]
[Round "6"]
[White "Abedinov, Adnan"]
[Black "Ostergaard, Dan"]
[Result "1/2-1/2"]
[WhiteElo "2235"]
[BlackElo "2260"]
[PlyCount "130"]
[EventDate "2000.10.13"]
[EventType "team"]
[EventRounds "11"]
[EventCountry "SWE"]
[SourceTitle "EXT 2006"]
[Source "ChessBase"]
[SourceDate "2005.11.24"]
[SourceVersion "1"]
[SourceVersionDate "2005.11.24"]
[SourceQuality "1"]
[WhiteTeam "Kirsebergs"]
[BlackTeam "Limhamn"]
[WhiteTeamCountry "SWE"]
[BlackTeamCountry "SWE"]

1. e4 c5 2. Nf3 Nc6 3. Nc3 e6 4. d4 cxd4 5. Nxd4 a6 6. Nxc6 bxc6 7. Bd3 Qc7 8. 0-0 c5 9. Qe2 Ne7 10. Nd1 Nc6 11. c3 Ne5 12. Bc2 a5 13. Ne3 Ba6 14. c4 Be7 15. f4 Nc6 16. Qg4 g6 17. b3 Nd4 18. Bb2 Bf6 19. e5 Be7 20. Bd3 Bb7 21. Qh3 a4 22. Ng4 Qa5 23. Rad1 axb3 24. axb3 Qb4 25. Bxd4 cxd4 26. Ra1 Rxa1 27. Rxa1 Qd2 28. b4 Qxf4 29. Ra7 Qc1+ 30. Bf1 Bc6 31. b5 d3 32. Qxd3 Bc5+ 33. Kh1 0-0 34. Ra2 Bb7 35. h3 d5 36. exd6 Bxd6 37. Rc2 Qf4 38. Rf2 Qg3 39. Qxg3 Bxg3 40. Rd2 e5 41. Rd7 Bc8 42. Rd3 Bf4 43. g3 f5 44. Nf6+ Rxf6 45. gxf4 exf4 46. Rd8+ Rf8 47. Rxf8+ Kxf8 48. Bg2 Ke7 49. b6 Kd6 50. b7 Bxb7 51. Bxb7 Kc5 52. Bd5 g5 53. Kg2 g4 54. h4 Kd4 55. Kf2 h6 56. Ke2 f3+ 57. Kf2 f4 58. Be6 h5 59. Bf7 Kc5 60. Be6 Kd4 61. Bd5 Kc5 62. Bf7 Kd4 63. Bxh5 Kxc4 64. Bxg4 Kd5 65. Kxf3 Ke5 1/2-1/2

[Event "SWE-chT 0001"]
[Site "Sweden"]
[Date "2000.10.15"]
[Round "3"]
[White "Kostelac, Robert"]
[Black "Ostergaard, Dan"]
[Result "1-0"]
[WhiteElo "2200"]
[BlackElo "2260"]
[PlyCount "119"]
[EventDate "2000.10.13"]
[EventType "team"]
[EventRounds "11"]
[EventCountry "SWE"]
[SourceTitle "EXT 2006"]
[Source "ChessBase"]
[SourceDate "2005.11.24"]
[SourceVersion "1"]
[SourceVersionDate "2005.11.24"]
[SourceQuality "1"]
[WhiteTeam "Vaesteras "]
[BlackTeam "Limhamn"]
[WhiteTeamCountry "SWE"]
[BlackTeamCountry "SWE"]

1. Nf3 Nf6 2. g3 g6 3. Bg2 Bg7 4. 0-0 0-0 5. d3 d6 6. e4 c5 7. Nbd2 Nc6 8. a4 Rb8 9. Nc4 b6 10. Nh4 d5 11. exd5 Nxd5 12. c3 e5 13. Re1 Bb7 14. Nf3 Re8 15. Qb3 h6 16. Nfd2 Nde7 17. Ne4 Nf5 18. Rd1 Qe7 19. a5 bxa5 20. Qa3 Bf8 21. Nxa5 Nxa5 22. Qxa5 Red8 23. Qa4 a6 24. Qc4 Nd6 25. Nxd6 Rxd6 26. Bxb7 Qxb7 27. Re1 Rbd8 28. Qxc5 Rxd3 29. Qxe5 Rd1 30. Be3 Rxa1 31. Rxa1 Qxb2 32. Qa5 Rc8 33. Bd4 Bg7 34. Qxa6 Re8 35. Bxg7 Kxg7 36. Qa4 Rd8 37. Qa5 Rc8 38. Qe5+ Kg8 39. Rd1 Qc2 40. Rd7 Qb3 41. Qd4 h5 42. c4 Qa4 43. h4 Qc6 44. c5 Qe6 45. Rd6 Qg4 46. Qd5 Qf5 47. Qxf5 gxf5 48. Rd5 f4 49. Rg5+ Kf8 50. Rxh5 Ke7 51. g4 Ra8 52. Kg2 Ra3 53. Rf5 Rc3 54. h5 Kf8 55. h6 Kg8 56. g5 Kh8 57. Kf1 Rc2 58. Rxf7 Rxc5 59. g6 Rc8 60. Rxf4 1-0

[Event "Rilton Cup 28th"]
[Site "Stockholm"]
[Date "1999.01.02"]
[Round "5"]
[White "Taimanov, Mark E"]
[Black "Ostergaard, Dan"]
[Result "1-0"]
[WhiteElo "2455"]
[BlackElo "2280"]
[PlyCount "79"]
[EventDate "1998.12.28"]
[EventType "swiss"]
[EventRounds "9"]
[EventCountry "SWE"]
[SourceTitle "CBM 068 Extra"]
[Source "ChessBase"]
[SourceDate "1999.03.01"]
[SourceVersion "1"]
[SourceVersionDate "1999.03.01"]
[SourceQuality "1"]

1. Nf3 Nf6 2. b3 g6 3. Bb2 Bg7 4. g3 0-0 5. Bg2 c5 6. c4 Nc6 7. 0-0 b6 8. d4 cxd4 9. Nxd4 Bb7 10. Nc3 Rb8 11. Nc2 a6 12. e4 b5 13. cxb5 axb5 14. Nxb5 Ba6 15. a4 Bxb5 16. axb5 Rxb5 17. Na3 Rb8 18. e5 Ne8 19. Bxc6 dxc6 20. Qxd8 Rxd8 21. Nc4 Nc7 22. Ra7 Nd5 23. Na5 Rb8 24. Rc1 Rfc8 25. Ba3 h5 26. f4 h4 27. Bxe7 hxg3 28. hxg3 Nxe7 29. Rxe7 Rb5 30. Ra7 Bf8 31. Kg2 Bb4 32. Nxc6 Kf8 33. Rc4 Bc5 34. Nd4 Rbb8 35. Rd7 g5 36. e6 f6 37. Rf7+ Ke8 38. Nf5 Rxb3 39. Ng7+ Kd8 40. Rd7# 1-0

[Event "SWE-chT 9899"]
[Site "Sweden"]
[Date "1999.??.??"]
[Round "6"]
[White "Ostergaard, Dan"]
[Black "Akvist, Hakan"]
[Result "1-0"]
[WhiteElo "2265"]
[BlackElo "2290"]
[PlyCount "85"]
[EventDate "1998.??.??"]
[EventType "team"]
[EventRounds "11"]
[EventCountry "SWE"]
[SourceTitle "EXT 2000"]
[Source "ChessBase"]
[SourceDate "1999.11.16"]
[SourceVersion "1"]
[SourceVersionDate "1999.11.16"]
[SourceQuality "1"]

1. e4 d6 2. d4 Nf6 3. Nc3 g6 4. f4 Bg7 5. Nf3 c5 6. dxc5 Qa5 7. Bd3 Qxc5 8. Qe2 0-0 9. Be3 Qa5 10. 0-0 Nc6 11. Kh1 Bg4 12. Qf2 Bxf3 13. gxf3 d5 14. Bd2 Qd8 15. a3 e6 16. Rad1 d4 17. Ne2 Qb6 18. Bc1 Rfd8 19. Qh4 Rd7 20. Rg1 Ne8 21. Rg3 Qd8 22. Qh3 Rc8 23. Rdg1 Nd6 24. f5 exf5 25. exf5 Ne5 26. Bg5 Nxd3 27. cxd3 Qe8 28. f6 Bf8 29. Nxd4 Rdc7 30. Bh6 Qe5 31. Bxf8 Rxf8 32. Qh4 Ne8 33. Rg5 Qxf6 34. Nf5 Kh8 35. Qh6 Rg8 36. d4 Rc2 37. R1g4 Ng7 38. Rh4 Nh5 39. Rhxh5 Rg7 40. Qxg7+ Qxg7 41. Nxg7 gxh5 42. Nxh5 Rxb2 43. Nf6 1-0

[Event "SWE-chT 9899"]
[Site "Sweden"]
[Date "1998.10.17"]
[Round "2"]
[White "Ostergaard, Dan"]
[Black "Moberg, Karl Johan"]
[Result "1/2-1/2"]
[WhiteElo "2280"]
[BlackElo "2320"]
[PlyCount "136"]
[EventDate "1998.??.??"]
[EventType "team"]
[EventRounds "11"]
[EventCountry "SWE"]
[SourceTitle "EXT 2000"]
[Source "ChessBase"]
[SourceDate "1999.11.16"]
[SourceVersion "1"]
[SourceVersionDate "1999.11.16"]
[SourceQuality "1"]

1. e4 e5 2. Nf3 Nc6 3. Bb5 a6 4. Ba4 Nf6 5. 0-0 b5 6. Bb3 Bc5 7. Re1 d6 8. c3 Bb7 9. d4 Bb6 10. Be3 0-0 11. a4 Na5 12. Bc2 exd4 13. Nxd4 Bxe4 14. Bxe4 Nxe4 15. axb5 axb5 16. Nxb5 Bxe3 17. Rxe3 d5 18. N1a3 c6 19. Nd4 Qh4 20. Re2 Rac8 21. f3 Nd6 22. Qe1 Qf6 23. Nac2 Nac4 24. Ne3 Ne5 25. Nxd5 Nxf3+ 26. Nxf3 cxd5 27. Ra6 Qf4 28. Qd2 Qxd2 29. Nxd2 Rfd8 30. Nf3 Ne4 31. Nd2 Nc5 32. Ra7 d4 33. cxd4 Rxd4 34. Nf3 Rd1+ 35. Re1 Rxe1+ 36. Nxe1 Rb8 37. b4 Ne4 38. Nd3 g6 39. Kf1 Rd8 40. Nc5 Rd1+ 41. Ke2 Nc3+ 42. Kf3 Rf1+ 43. Ke3 Nd5+ 44. Ke2 Rg1 45. Kf2 Rb1 46. Nd3 Rb3 47. Ke2 Nxb4 48. Nxb4 Rxb4 49. Kf2 Rb2+ 50. Kf3 Kg7 51. h4 h6 52. Ra5 Rb6 53. Rc5 Kf6 54. Ra5 Rb3+ 55. Kf2 Rd3 56. Rb5 Ke6 57. Ra5 Rd5 58. Ra7 f5 59. Rg7 g5 60. Rh7 g4 61. Rxh6+ Ke5 62. Rh8 Kf6 63. Rf8+ Kg6 64. Rg8+ Kf7 65. Ra8 Kf6 66. Rf8+ Kg6 67. Rg8+ Kf7 68. Ra8 Kf6 1/2-1/2

[Event "Malmo m1"]
[Site "Malmo"]
[Date "1998.??.??"]
[Round "1"]
[White "Brynell, Stellan"]
[Black "Ostergaard, Dan"]
[Result "1-0"]
[WhiteElo "2475"]
[BlackElo "2265"]
[PlyCount "100"]
[EventDate "1998.??.??"]
[EventType "swiss"]
[EventRounds "9"]
[EventCountry "SWE"]
[SourceTitle "EXT 2000"]
[Source "ChessBase"]
[SourceDate "1999.11.16"]
[SourceVersion "1"]
[SourceVersionDate "1999.11.16"]
[SourceQuality "1"]

1. e4 c5 2. Nf3 d6 3. d4 cxd4 4. Nxd4 Nf6 5. Nc3 a6 6. Be2 e5 7. Nb3 Be7 8. 0-0 0-0 9. Kh1 Be6 10. f4 exf4 11. Bxf4 Nc6 12. Nd4 Nxd4 13. Qxd4 Qc7 14. Rad1 Rfd8 15. Rd2 Rac8 16. Rfd1 b5 17. a4 bxa4 18. Bxa6 Rb8 19. Be2 Qa5 20. Ra1 Rxb2 21. Rxa4 Qb6 22. Qxb6 Rxb6 23. h3 Rc8 24. Nd5 Bxd5 25. exd5 Rb2 26. Bf3 h6 27. Re2 Bf8 28. Ra6 Rd8 29. g4 Rb4 30. Bg3 Rd4 31. Ra5 Nd7 32. Kg2 Nc5 33. Ra7 Ra4 34. Rc7 g6 35. Rc6 Ra6 36. h4 Rxc6 37. dxc6 Ne6 38. Rd2 Rc8 39. Rd3 Nd8 40. Rc3 Bg7 41. Rc4 Be5 42. Bf2 Ne6 43. Be3 g5 44. hxg5 hxg5 45. Kf2 Kf8 46. Ra4 Bf4 47. Bb6 Nd8 48. Bxd8 d5 49. Bf6 Kg8 50. Bxd5 Kh7 1-0

[Event "Rilton Cup 27th"]
[Site "Stockholm"]
[Date "1998.??.??"]
[Round "4"]
[White "Ostergaard, Dan"]
[Black "Gdanski, Jacek"]
[Result "0-1"]
[WhiteElo "2265"]
[BlackElo "2505"]
[PlyCount "120"]
[EventDate "1997.12.??"]
[EventType "swiss"]
[EventRounds "9"]
[EventCountry "SWE"]
[SourceTitle "EXT 1999"]
[Source "ChessBase"]
[SourceDate "1998.11.16"]
[SourceVersion "1"]
[SourceVersionDate "1998.11.16"]
[SourceQuality "1"]

1. e4 e6 2. d4 d5 3. Nc3 Bb4 4. e5 Ne7 5. a3 Bxc3+ 6. bxc3 c5 7. a4 Qa5 8. Bd2 Bd7 9. Nf3 c4 10. g3 Bxa4 11. Qc1 b5 12. Bh3 Nbc6 13. 0-0 Qd8 14. Nh4 Qd7 15. f4 g6 16. Ng2 h5 17. Qb2 a5 18. Qa2 Nf5 19. Ne1 Kf8 20. Nf3 Kg7 21. Kh1 Nce7 22. Rfe1 Nc8 23. Reb1 Nb6 24. Qb2 Rac8 25. Bf1 Qe7 26. Ra2 Rc6 27. Qa1 Rc7 28. Bh3 Qd7 29. Bxf5 gxf5 30. Be1 Rcc8 31. Kg2 Rcg8 32. h4 Ra8 33. Ng5 Qc6 34. Kh2 Rhb8 35. Qb2 Rh8 36. Qa3 Qc7 37. Bf2 Rac8 38. Be3 Qd8 39. Qc1 Qe7 40. Qb2 Ra8 41. Qa1 Kg6 42. Bc1 Qd7 43. Ba3 Rac8 44. Bc1 Rc7 45. Be3 Ra7 46. Bc1 Kg7 47. Kh3 Rha8 48. Qb2 Rc7 49. Qa1 Rcc8 50. Be3 Kg6 51. Bc1 b4 52. cxb4 Bxc2 53. Rxc2 axb4 54. Ra2 b3 55. Rxa8 Rxa8 56. Qc3 Qb5 57. Bd2 Ra2 58. Nf3 Na4 59. Qb4 Qxb4 60. Bxb4 b2 0-1

[Event "SWE Cup sf"]
[Site "Oerebro"]
[Date "1998.??.??"]
[Round "?"]
[White "Ostergaard, Dan"]
[Black "Nyander, Joakim"]
[Result "1-0"]
[WhiteElo "2265"]
[BlackElo "2195"]
[PlyCount "91"]
[EventDate "1998.??.??"]
[EventType "team"]
[EventRounds "1"]
[EventCountry "SWE"]
[SourceTitle "EXT 2000"]
[Source "ChessBase"]
[SourceDate "1999.11.16"]
[SourceVersion "1"]
[SourceVersionDate "1999.11.16"]
[SourceQuality "1"]

1. e4 c5 2. Nf3 e6 3. d4 cxd4 4. Nxd4 Nc6 5. Nc3 a6 6. g3 Nge7 7. Nb3 d6 8. Bg2 Bd7 9. 0-0 Nc8 10. a4 Na5 11. Nxa5 Qxa5 12. Bd2 Qc7 13. a5 Be7 14. Na4 Bf6 15. Qc1 0-0 16. c4 Bc6 17. Be3 Rb8 18. Nb6 Nxb6 19. Bxb6 Qd7 20. Ra3 Bd8 21. Rd3 Be7 22. Rfd1 Qc8 23. Qe3 Re8 24. b3 Bf8 25. Qf4 d5 26. exd5 exd5 27. Bxd5 Bxd5 28. Rxd5 Qe6 29. Rd7 Be7 30. Qf3 Bb4 31. Rxb7 Rxb7 32. Qxb7 Qg4 33. Qd5 h5 34. h4 Bc3 35. Kg2 Bf6 36. Qf3 Qg6 37. Kh3 Re4 38. Rd5 Be5 39. Kg2 f5 40. Qd3 Qg4 41. c5 Re1 42. c6 Bxg3 43. fxg3 Rc1 44. Rxf5 Rxc6 45. Qd5+ Kh7 46. Rxh5+ 1-0

[Event "SWE Cup qf"]
[Site "Oerebro"]
[Date "1998.??.??"]
[Round "?"]
[White "Rundqvist, Patrik"]
[Black "Ostergaard, Dan"]
[Result "1-0"]
[WhiteElo "2175"]
[BlackElo "2265"]
[PlyCount "79"]
[EventDate "1998.??.??"]
[EventType "team"]
[EventRounds "1"]
[EventCountry "SWE"]
[SourceTitle "EXT 2000"]
[Source "ChessBase"]
[SourceDate "1999.11.16"]
[SourceVersion "1"]
[SourceVersionDate "1999.11.16"]
[SourceQuality "1"]

1. e4 c5 2. Nc3 Nc6 3. g3 g6 4. Bg2 Bg7 5. d3 e6 6. f4 d6 7. Nf3 Nge7 8. 0-0 0-0 9. Be3 Nd4 10. Qd2 b6 11. g4 d5 12. Bxd4 cxd4 13. Ne2 Nc6 14. e5 f6 15. Nfxd4 Nxd4 16. Nxd4 fxe5 17. Nc6 Qc7 18. Nxe5 Bxe5 19. fxe5 Rxf1+ 20. Rxf1 Qxe5 21. Qb4 Qe3+ 22. Kh1 Qc5 23. Qf4 Qe7 24. Qe5 Bb7 25. Rf6 Re8 26. g5 Qd7 27. d4 Qc6 28. c3 Qa4 29. Qc7 Qc6 30. Qf7+ Kh8 31. Rf4 Rg8 32. Rh4 h5 33. Bf3 Qe8 34. Qxb7 Qf8 35. Kg2 Qf5 36. Qc7 Qxg5+ 37. Qg3 Qd2+ 38. Kh3 Qd3 39. Bg4 Qf1+ 40. Qg2 1-0

[Event "SWE-chT 9596"]
[Site "Sweden"]
[Date "1996.??.??"]
[Round "?"]
[White "Ljungberg, Rune"]
[Black "Ostergaard, Dan"]
[Result "1/2-1/2"]
[WhiteElo "2160"]
[BlackElo "2270"]
[PlyCount "36"]
[EventDate "1995.??.??"]
[EventType "team"]
[EventRounds "9"]
[EventCountry "SWE"]
[SourceTitle "EXT 1998"]
[Source "ChessBase"]
[SourceDate "1997.11.17"]
[SourceVersion "1"]
[SourceVersionDate "1997.11.17"]
[SourceQuality "1"]

1. Nf3 Nf6 2. g3 g6 3. Bg2 Bg7 4. 0-0 0-0 5. c4 d6 6. Nc3 Nc6 7. d3 e5 8. Rb1 a5 9. a3 Re8 10. Bg5 Nd4 11. b4 axb4 12. axb4 Bg4 13. e3 Ne6 14. Bxf6 Qxf6 15. h3 Bxf3 16. Bxf3 c6 17. Bg2 Qe7 18. b5 Qc7 1/2-1/2

[Event "Sollentuna op"]
[Site "Sollentuna"]
[Date "1995.??.??"]
[Round "6"]
[White "Dzevlan, Miralem"]
[Black "Ostergaard, Dan"]
[Result "0-1"]
[WhiteElo "2385"]
[BlackElo "2245"]
[PlyCount "76"]
[EventDate "1995.??.??"]
[EventType "swiss"]
[EventRounds "9"]
[EventCountry "SWE"]
[SourceTitle "EXT 1997"]
[Source "ChessBase"]
[SourceDate "1996.11.15"]
[SourceVersion "1"]
[SourceVersionDate "1996.11.15"]
[SourceQuality "1"]

1. d4 Nf6 2. c4 g6 3. Nc3 Bg7 4. e4 d6 5. Be2 0-0 6. Nf3 e5 7. 0-0 Nc6 8. d5 Ne7 9. Ne1 Nd7 10. Be3 f5 11. f3 f4 12. Bf2 g5 13. a4 Rf6 14. a5 a6 15. Na4 Rh6 16. Nd3 Qe8 17. Be1 Ng6 18. Nf2 Nf6 19. c5 Nh4 20. cxd6 cxd6 21. h3 Qh5 22. Ng4 Nxg2 23. Nxh6+ Bxh6 24. Kxg2 Bxh3+ 25. Kg1 Bxf1 26. Bxf1 g4 27. Bg2 Kh8 28. Rc1 Rg8 29. Rc3 gxf3 30. Qxf3 Ng4 31. Qh3 Qg6 32. Nb6 Ne3 33. Rxe3 fxe3 34. Nc4 Qxe4 35. Nxd6 Qxd5 36. Nf7+ Qxf7 37. Qxh6 e2 38. Bf2 Qf3 0-1

[Event "Sollentuna op"]
[Site "Sollentuna"]
[Date "1995.??.??"]
[Round "9"]
[White "Johansson, Jan"]
[Black "Ostergaard, Dan"]
[Result "1/2-1/2"]
[WhiteElo "2375"]
[BlackElo "2245"]
[PlyCount "92"]
[EventDate "1995.??.??"]
[EventType "swiss"]
[EventRounds "9"]
[EventCountry "SWE"]
[SourceTitle "EXT 1997"]
[Source "ChessBase"]
[SourceDate "1996.11.15"]
[SourceVersion "1"]
[SourceVersionDate "1996.11.15"]
[SourceQuality "1"]

1. d4 Nf6 2. Nf3 g6 3. Nc3 d5 4. Bf4 Bg7 5. e3 0-0 6. Be2 c5 7. dxc5 Qa5 8. Nd2 Qxc5 9. Nb3 Qb6 10. 0-0 Nc6 11. a4 e5 12. a5 Qd8 13. Bg3 Bf5 14. Ra4 Qd7 15. Bb5 Rfe8 16. e4 Nxe4 17. Nxe4 dxe4 18. Qxd7 Bxd7 19. Nc5 a6 20. Bc4 Nb8 21. Raa1 Bc6 22. Rfe1 Rd8 23. c3 Rd2 24. Rad1 e3 25. fxe3 Rxg2+ 26. Kf1 Bf6 27. Be2 Be7 28. Nd3 Nd7 29. Nb4 Bxb4 30. cxb4 Nf6 31. Rd6 Ne4 32. Rxc6 Rxe2 33. Kxe2 Nxg3+ 34. hxg3 bxc6 35. Kd3 Rd8+ 36. Kc4 Rd5 37. g4 f5 38. gxf5 gxf5 39. e4 Rd4+ 40. Kc5 Rxe4 41. Rd1 f4 42. b5 cxb5 43. Kb6 f3 44. Kxa6 f2 45. Rf1 Rf4 46. Kxb5 e4 1/2-1/2

[Event "Sollentuna op"]
[Site "Sollentuna"]
[Date "1995.??.??"]
[Round "7"]
[White "Ostergaard, Dan"]
[Black "Wieweg, Johnny"]
[Result "1/2-1/2"]
[WhiteElo "2245"]
[BlackElo "2270"]
[PlyCount "136"]
[EventDate "1995.??.??"]
[EventType "swiss"]
[EventRounds "9"]
[EventCountry "SWE"]
[SourceTitle "EXT 1997"]
[Source "ChessBase"]
[SourceDate "1996.11.15"]
[SourceVersion "1"]
[SourceVersionDate "1996.11.15"]
[SourceQuality "1"]

1. Nf3 Nf6 2. d4 g6 3. Bf4 Bg7 4. e3 d6 5. h3 0-0 6. Nbd2 Nbd7 7. Bh2 e6 8. c3 Qe7 9. Bc4 b6 10. a4 a5 11. 0-0 Bb7 12. b4 d5 13. Be2 axb4 14. cxb4 Qxb4 15. Bxc7 Rfc8 16. Bf4 Bc6 17. Bb5 Bxb5 18. axb5 Rxa1 19. Qxa1 Qxb5 20. Rb1 Qc6 21. Qb2 h6 22. Ne5 Nxe5 23. Bxe5 Nd7 24. Bxg7 Kxg7 25. Nf3 Qc3 26. Qb5 Rc7 27. Kh2 Qc4 28. Qb2 Qc2 29. Ne1 Qxb2 30. Rxb2 Kf6 31. h4 Ke7 32. g4 Kd6 33. Kg3 Rb7 34. Nd3 b5 35. f4 Kc6 36. g5 h5 37. Rc2+ Kb6 38. f5 gxf5 39. Kf4 Nf8 40. Ke5 Nd7+ 41. Kd6 Nb8 42. Nc5 Ra7 43. Rg2 b4 44. g6 fxg6 45. Kxe6 Na6 46. Rxg6 Nxc5+ 47. Kxd5+ Ne6 48. Kxe6 b3 49. Kxf5+ Kb5 50. Rg1 Kc4 51. Ke6 b2 52. Rb1 Kc3 53. d5 Kc2 54. Rxb2+ Kxb2 55. d6 Kc3 56. d7 Ra8 57. Ke7 Kd3 58. d8Q+ Rxd8 59. Kxd8 Kxe3 60. Ke7 Kf4 61. Ke6 Kg4 62. Ke5 Kxh4 63. Kf4 Kh3 64. Kf3 Kh2 65. Kf2 h4 66. Kf1 Kg3 67. Kg1 h3 68. Kh1 h2 1/2-1/2

[Event "SWE-chT 9394"]
[Site "Sweden"]
[Date "1994.??.??"]
[Round "9"]
[White "Liljedahl, Lennart"]
[Black "Ostergaard, Dan"]
[Result "1-0"]
[WhiteElo "2325"]
[BlackElo "2235"]
[PlyCount "77"]
[EventDate "1993.??.??"]
[EventType "team"]
[EventRounds "9"]
[EventCountry "SWE"]
[SourceTitle "EXT 2000"]
[Source "ChessBase"]
[SourceDate "1999.11.16"]
[SourceVersion "1"]
[SourceVersionDate "1999.11.16"]
[SourceQuality "1"]

1. e4 c5 2. Nc3 Nc6 3. g3 g6 4. Bg2 Bg7 5. d3 d6 6. f4 e6 7. Nf3 Nge7 8. 0-0 0-0 9. Ne2 Nd4 10. c3 Nxe2+ 11. Qxe2 b5 12. Be3 Rb8 13. Rad1 b4 14. c4 Nc6 15. Qf2 e5 16. fxe5 Nxe5 17. Nxe5 Bxe5 18. d4 cxd4 19. Bxd4 Qe7 20. Bxe5 dxe5 21. b3 Be6 22. Rd3 a5 23. Rfd1 a4 24. h4 h5 25. Kh2 f5 26. exf5 Bxf5 27. Rd6 axb3 28. axb3 e4 29. Qe3 Qe5 30. R1d5 Qg7 31. Qg5 Ra8 32. c5 Ra2 33. c6 Rc2 34. Rd2 Rxd2 35. Qxd2 Qc3 36. Qd5+ Kg7 37. Bxe4 Bxe4 38. Qxe4 Qxb3 39. Qxg6+ 1-0

[Event "Stockholm op"]
[Site "Stockholm"]
[Date "1994.??.??"]
[Round "?"]
[White "Ostergaard, Dan"]
[Black "Agrest, Evgenij"]
[Result "0-1"]
[WhiteElo "2245"]
[BlackElo "2475"]
[PlyCount "36"]
[EventDate "1994.??.??"]
[EventType "swiss"]
[EventRounds "9"]
[EventCountry "SWE"]
[SourceTitle "EXT 2000"]
[Source "ChessBase"]
[SourceDate "1999.11.16"]
[SourceVersion "1"]
[SourceVersionDate "1999.11.16"]
[SourceQuality "1"]

1. e4 c5 2. Nf3 e6 3. d4 cxd4 4. Nxd4 a6 5. Nc3 d6 6. Bc4 Nf6 7. Bb3 b5 8. f4 Be7 9. 0-0 Bb7 10. Be3 b4 11. Na4 Bxe4 12. Bxe6 fxe6 13. Nxe6 Qd7 14. Nxg7+ Kf7 15. Nb6 Qg4 16. Qxg4 Nxg4 17. Nxa8 Nxe3 18. Rfe1 d5 0-1

[Event "SWE-chT 9293"]
[Site "Sweden"]
[Date "1993.??.??"]
[Round "8"]
[White "Burwick, Malte"]
[Black "Ostergaard, Dan"]
[Result "1/2-1/2"]
[WhiteElo "2225"]
[BlackElo "2285"]
[PlyCount "110"]
[EventDate "1992.??.??"]
[EventType "team"]
[EventRounds "9"]
[EventCountry "SWE"]
[SourceTitle "EXT 2000"]
[Source "ChessBase"]
[SourceDate "1999.11.16"]
[SourceVersion "1"]
[SourceVersionDate "1999.11.16"]
[SourceQuality "1"]

1. d4 Nf6 2. c4 g6 3. Nc3 Bg7 4. e4 d6 5. Nf3 0-0 6. h3 e5 7. d5 a5 8. g4 Na6 9. Be3 Nc5 10. Nd2 Ne8 11. Rg1 Kh8 12. Nb3 b6 13. Nxc5 dxc5 14. Bd3 Nd6 15. Nb5 Nxb5 16. cxb5 f5 17. gxf5 gxf5 18. Qh5 Bd7 19. 0-0-0 Qe8 20. Qxe8 Raxe8 21. exf5 e4 22. Bc4 Be5 23. h4 Rxf5 24. Be2 Rf6 25. a4 Rg8 26. h5 h6 27. Rxg8+ Kxg8 28. Rg1+ Kh7 29. Bg4 Be8 30. Re1 Bf7 31. Rd1 Kg7 32. Be2 Kf8 33. Kc2 Ke7 34. b3 Bf4 35. Bc4 Kd6 36. Rg1 Bxe3 37. fxe3 Bxh5 38. Rg8 Bf7 39. Rf8 Ke7 40. Rc8 Kd6 41. Rd8+ Ke7 42. Rc8 Rf2+ 43. Kd1 Kd7 44. Rh8 Rf6 45. Ke2 h5 46. Ke1 Rf3 47. Kd2 Rf5 48. Rf8 Bg6 49. Rg8 Rf6 50. Ke1 Kd6 51. Rd8+ Ke5 52. Rd7 h4 53. Rxc7 Bf5 54. Re7+ Kd6 55. Rb7 Ke5 1/2-1/2

[Event "Rilton Cup 23rd"]
[Site "Stockholm"]
[Date "1993.??.??"]
[Round "1"]
[White "Ostergaard, Dan"]
[Black "Bellon Lopez, Juan Manuel"]
[Result "0-1"]
[WhiteElo "2220"]
[BlackElo "2415"]
[PlyCount "113"]
[EventDate "1993.12.??"]
[EventType "swiss"]
[EventRounds "9"]
[EventCountry "SWE"]
[SourceTitle "EXT 2000"]
[Source "ChessBase"]
[SourceDate "1999.11.16"]
[SourceVersion "1"]
[SourceVersionDate "1999.11.16"]
[SourceQuality "1"]

1. e4 c5 2. Nf3 e6 3. d4 cxd4 4. Nxd4 a6 5. Nc3 Qc7 6. g3 d6 7. Bg2 Bd7 8. 0-0 Nc6 9. Re1 Nxd4 10. Qxd4 Ne7 11. b3 Nc6 12. Qd2 Be7 13. Bb2 0-0 14. Rad1 Rac8 15. Nd5 exd5 16. exd5 Ne5 17. Bxe5 Qxc2 18. Qxc2 Rxc2 19. Bxg7 Re8 20. Bh6 Rxa2 21. Bf3 Bf8 22. Rxe8 Bxe8 23. Bf4 Rb2 24. Rc1 Rxb3 25. Bg4 Kg7 26. h4 h6 27. Rc8 Bb5 28. Be3 Rd3 29. Rc7 Rxd5 30. Be6 Rd1+ 31. Kh2 Be8 32. Bb3 Rb1 33. Bd4+ Kg8 34. Rxb7 Rh1+ 35. Kxh1 Bc6+ 36. Kh2 Bxb7 37. g4 Bg7 38. Bb6 Be5+ 39. Kh3 Bc6 40. g5 Bd7+ 41. Kg2 hxg5 42. hxg5 Kg7 43. Bc4 Bb5 44. Bd5 Bc3 45. f4 a5 46. Bc7 Bb4 47. Bd8 a4 48. Bf6+ Kf8 49. Kf3 Bd3 50. Ke3 Bf5 51. Be4 Bxe4 52. Kxe4 a3 53. Kd3 Be1 54. Kc2 Bg3 55. Kb3 Bxf4 56. Kxa3 Be5 57. Bd8 0-1

[Event "SWE-chT 9293"]
[Site "Sweden"]
[Date "1993.??.??"]
[Round "7"]
[White "Ostergaard, Dan"]
[Black "Nordstrom, Felix"]
[Result "1-0"]
[WhiteElo "2285"]
[BlackElo "2220"]
[PlyCount "111"]
[EventDate "1992.??.??"]
[EventType "team"]
[EventRounds "9"]
[EventCountry "SWE"]
[SourceTitle "EXT 2000"]
[Source "ChessBase"]
[SourceDate "1999.11.16"]
[SourceVersion "1"]
[SourceVersionDate "1999.11.16"]
[SourceQuality "1"]

1. e4 e5 2. Nf3 Nf6 3. d4 Nxe4 4. Bd3 d5 5. Nxe5 Bd6 6. 0-0 0-0 7. c4 Nc6 8. cxd5 Nxd4 9. Nc4 Nf6 10. Nc3 Bf5 11. Bg5 Be7 12. Be3 Bxd3 13. Qxd3 Ne6 14. Rad1 Nc5 15. Qf5 Qc8 16. Qf3 Re8 17. Bf4 Qd7 18. Ne5 Qd8 19. Rfe1 a6 20. Nc4 Rc8 21. h3 Bf8 22. Bg5 Rxe1+ 23. Rxe1 Ncd7 24. Ne4 b5 25. Ne3 Bb4 26. Re2 h6 27. Bxf6 Nxf6 28. Nxf6+ Qxf6 29. Qxf6 gxf6 30. Nf5 Rd8 31. Nxh6+ Kh7 32. Ng4 Kg6 33. Ne3 f5 34. g3 Bc5 35. Ng2 Kf6 36. Nf4 Bd6 37. Ng2 Bc5 38. Nf4 Bd6 39. Rd2 Bxf4 40. gxf4 c6 41. d6 Ke6 42. b4 Kd7 43. Rd3 Re8 44. Kg2 Re4 45. a3 Rxf4 46. Kg3 Rc4 47. h4 c5 48. bxc5 Rxc5 49. h5 a5 50. Kf4 b4 51. axb4 axb4 52. h6 Rc8 53. Ke5 Rh8 54. Rh3 b3 55. Rxb3 Rxh6 56. Rb7+ 1-0

[Event "SWE-chT 9293"]
[Site "Sweden"]
[Date "1992.??.??"]
[Round "5"]
[White "Cicak, Slavko"]
[Black "Ostergaard, Dan"]
[Result "1-0"]
[WhiteElo "2310"]
[BlackElo "2285"]
[PlyCount "63"]
[EventDate "1992.??.??"]
[EventType "team"]
[EventRounds "9"]
[EventCountry "SWE"]
[SourceTitle "EXT 2006"]
[Source "ChessBase"]
[SourceDate "2005.11.24"]
[SourceVersion "1"]
[SourceVersionDate "2005.11.24"]
[SourceQuality "1"]

1. e4 c5 2. Nf3 d6 3. d4 cxd4 4. Nxd4 Nf6 5. Nc3 a6 6. Be3 e5 7. Nf3 Be6 8. Ng5 Be7 9. Nxe6 fxe6 10. Bc4 Qd7 11. Qf3 Bd8 12. Qh3 Kf7 13. 0-0 Nc6 14. f4 b5 15. Bb3 exf4 16. Bxf4 Bb6+ 17. Kh1 Bd4 18. Ne2 Rae8 19. Nxd4 Nxd4 20. Rad1 Nxb3 21. e5 Ne4 22. axb3 d5 23. c4 bxc4 24. bxc4 Qa4 25. b3 Qa2 26. Qf3 Rhf8 27. cxd5 Nc5 28. b4 Nd7 29. dxe6+ Qxe6 30. Rd6 Qc4 31. Rc1 Qxb4 32. Qd5+ 1-0